Socialismo y capitalismo comparados (Registro nro. 6119)

Detalles MARC
000 -LEADER
fixed length control field 01945 a2200217 4500
001 - CONTROL NUMBER
control field 57117
005 - DATE AND TIME OF LATEST TRANSACTION
control field 20260407155833.0
008 - FIXED-LENGTH DATA ELEMENTS--GENERAL INFORMATION
fixed length control field 260407a1968 arg spa d
003 - CONTROL NUMBER IDENTIFIER
control field AR-UNSa-BCEJYS
040 ## - CATALOGING SOURCE
Original cataloging agency AR-UNSa-BCEJYS
Language of cataloging spa
Transcribing agency AR-UNSa-BCEJYS
080 ## - UNIVERSAL DECIMAL CLASSIFICATION NUMBER
Universal Decimal Classification number 330.834
Common auxiliary subdivision Keynes y el keynesianismo. Neokeynesianismo. Poskeynesianismo
100 1# - MAIN ENTRY--PERSONAL NAME
Personal name Pigou, Arthur C.
245 10 - TITLE STATEMENT
Title Socialismo y capitalismo comparados
Name of part/section of a work La teoría general de Keynes
264 #1 - PRODUCTION, PUBLICATION, DISTRIBUTION, MANUFACTURE, AND COPYRIGHT NOTICE
Place of production, publication, distribution, manufacture Barcelona :
Name of producer, publisher, distributor, manufacturer Ariel
Date of production, publication, distribution, manufacture, or copyright notice 1968
300 ## - PHYSICAL DESCRIPTION
Extent 192 p.
Dimensions 18 cm.
505 ## - FORMATTED CONTENTS NOTE
Formatted contents note Socialismo y capitalismo: 1.Definicion y descripción – 2.Distribucion de la riqueza y la renta entre las personas – 3.La asignación de los recursos productivos – 4.El paro – 5.Beneficio y eficacia técnica – 6.El problema de los incentivos – 7.El problema de la asignación de los recursos productivos en condiciones de planificación socialista – 8.Problemas relacionados con los tipos de interés La teoría general de Keynes: 1.Preliminares – 2.El objetivo básico de la teoría general – 3.El pleno empleo – 4.Renta,ahorro e inversión en la cantidad de dinero y el tipo de interés – 5.Las funciones – 6.El esquema fundamental de Keynes – 7.Condiciones necesarias del equilibrio Keynesiano – 8.Naturaleza del equilibrio keynesiano – 9.Diferencias entre las situaciones de equilibrio a corto plazo – 10.Diferencia entre la curva de demanda de inversión – 11.Diferencia entre la curva de oferta de inversión – 12.Diferencia en la curva de preferencia por la liquidez – 13.Diferencia en la cantidad de dinero – 14.Diferencia en el tipo de salario monetario – 15.Consideracion de varios cambios simultáneos – 16.Las expectativas – 17.El estado y la inversión – 18.Logros y limitaciones del análisis de Keynes – 19.Conclusiones.
590 ## - LOCAL NOTE (RLIN)
Local note niveau_biblio:m niveau_hierar:0
700 1# - ADDED ENTRY--PERSONAL NAME
Personal name Sacristán, Manuel
700 1# - ADDED ENTRY--PERSONAL NAME
Personal name Pastor, Alfredo
942 ## - ADDED ENTRY ELEMENTS (KOHA)
Koha item type
Existencias
Withdrawn status Lost status Damaged status Not for loan Home library Current library Shelving location Date acquired Total checkouts Full call number Barcode Date last seen Price effective from Koha item type
        Biblioteca Prof. Eusebio Cleto del Rey Biblioteca Prof. Eusebio Cleto del Rey   07/04/2026   330.834 P633 L13221 07/04/2026 07/04/2026 Libro